[Event "2do ITT OAV Metro de Caracas "]
[Site "Casa del Ajedrez "]
[Date "2013.07.26"]
[Round "5.5"]
[White "Ruiz Aguilar, Pablo Alexander"]
[Black "Pazos Gambarrotti, Plinio"]
[Result "0-1"]
[WhiteElo "2307"]
[BlackElo "2281"]
[PlyCount "112"]
[EventDate "2013.07.24"]

1. e4 e5 2. Nf3 Nc6 3. Bb5 f5 4. d3 fxe4 5. dxe4 d6 6. O-O Nf6 7. Nc3 Be7 8. h3
O-O 9. Be3 Kh8 10. Be2 Qe8 11. Kh1 a6 12. Nd5 Bd8 13. Nxf6 Bxf6 14. c3 Nd8 15.
Nd2 Ne6 16. Bg4 Qe7 17. Qe2 Bd7 18. Nc4 b6 19. Rfd1 Bc6 20. Bxe6 Qxe6 21. f3
Bb5 22. b3 a5 23. a4 Ba6 24. Qa2 Bxc4 25. bxc4 Bh4 26. Qe2 Bg3 27. Rd5 Rf6 28.
Bf2 Bf4 29. Be3 Raf8 30. Bxf4 Rxf4 31. Kg1 Qg6 32. Rf1 Qf7 33. Kf2 Qe8 34. Rb5
Qg6 35. Ke1 Qg3+ 36. Kd1 h6 37. Kc2 R8f6 38. Rd5 Rg6 39. Rf2 Qh4 40. Kb3 Rgf6
41. Rd2 Rf8 42. Qd3 Qe7 43. Qd5 R4f6 44. Qb5 Qd8 45. c5 bxc5 46. Qxa5 Re6 47.
Ka3 Ree8 48. Rb2 Qg5 49. Qxc7 Rc8 50. Qxd6 Rfd8 51. Qe6 Qe3 52. Rfc2 Ra8 53.
Qxe5 Qd3 54. Rb7 Rxa4+ 55. Kxa4 Qa6+ 56. Kb3 Qxb7+ 0-1

[Event "2do ITT OAV Metro de Caracas "]
[Site "Casa del Ajedrez "]
[Date "2013.07.26"]
[Round "6.1"]
[White "Palencia, Wilson"]
[Black "Pazos Gambarrotti, Plinio"]
[Result "1-0"]
[WhiteElo "2309"]
[BlackElo "2281"]
[PlyCount "135"]
[EventDate "2013.07.24"]

1. e4 e6 2. d4 d5 3. Nc3 Nf6 4. Bg5 Be7 5. e5 Nfd7 6. Bxe7 Qxe7 7. f4 a6 8. Nf3
b6 9. Bd3 c5 10. O-O Nc6 11. Kh1 g6 12. Qd2 Bb7 13. a3 O-O 14. Rf2 f6 15. exf6
Qxf6 16. dxc5 Nxc5 17. Ng5 Ne5 18. Re1 Nexd3 19. cxd3 h6 20. Nh3 Qf5 21. Rf3 d4
22. Ne4 Nxe4 23. dxe4 Bxe4 24. Rg3 Rad8 25. Nf2 Bd5 26. Nd3 Kh7 27. h3 Rf7 28.
Rg4 Rc7 29. Kh2 Rdc8 30. Nb4 Bb7 31. Qxd4 a5 32. Na2 Rf7 33. Nc3 Rc5 34. Qd6 h5
35. Rg3 Rc6 36. Qd3 h4 37. Rf3 Rc5 38. Ne4 Bxe4 39. Rxe4 Rd5 40. Qe2 Rd6 41.
Re5 Qf6 42. Qf2 Kg8 43. Rg5 Kg7 44. Qxh4 Qxb2 45. Rxg6+ Kxg6 46. Rg3+ Kf5 47.
Qh5+ Ke4 48. Qxf7 Qc1 49. Qh7+ Kd5 50. Rd3+ Kc6 51. Qe4+ Kd7 52. Rg3 Rd5 53.
Rg6 Qc6 54. Rf6 Rf5 55. Qxc6+ Kxc6 56. Rxe6+ Kc5 57. Kg3 Rd5 58. Re3 b5 59. Kg4
Kd4 60. Re1 Kc3 61. f5 Rd8 62. f6 Rg8+ 63. Kf5 Rxg2 64. f7 Rf2+ 65. Ke6 Rf3 66.
Re5 b4 67. axb4 axb4 68. Rf5 1-0

[Event "2do ITT OAV Metro de Caracas "]
[Site "Casa del Ajedrez "]
[Date "2013.07.26"]
[Round "6.2"]
[White "Castro, Jose Luis"]
[Black "Ruiz Aguilar, Pablo Alexander"]
[Result "1-0"]
[WhiteElo "2253"]
[BlackElo "2307"]
[PlyCount "83"]
[EventDate "2013.07.24"]

1. e4 c5 2. Nf3 e6 3. c4 d6 4. d4 cxd4 5. Nxd4 Nf6 6. Nc3 Be7 7. Be2 O-O 8. O-O
a6 9. Be3 Qc7 10. Qd2 Nbd7 11. Rfc1 b6 12. f3 Bb7 13. a4 Rfc8 14. a5 bxa5 15.
Nb3 a4 16. Nxa4 Nc5 17. Na5 Ncd7 18. b4 Re8 19. c5 dxc5 20. bxc5 Bc6 21. Nb6
Ra7 22. Nxc6 Qxc6 23. Qa5 Rb8 24. Bb5 Qc7 25. Bxd7 Nxd7 26. Nxd7 Qxa5 27. Nxb8
Qc7 28. c6 Qxb8 29. Rab1 Bb4 30. Rxb4 Qxb4 31. Bxa7 Qd2 32. Rb1 f5 33. c7 Qc2
34. c8=Q+ Qxc8 35. Rb8 Qxb8 36. Bxb8 fxe4 37. fxe4 Kf7 38. Be5 g6 39. Kf2 Ke7
40. Kf3 Kd7 41. Kf4 Kc6 42. Kg5 1-0

[Event "2do ITT OAV Metro de Caracas "]
[Site "Casa del Ajedrez "]
[Date "2013.07.26"]
[Round "6.3"]
[White "Merritt, Mario"]
[Black "Ostos, Julio"]
[Result "0-1"]
[WhiteElo "2080"]
[BlackElo "2304"]
[PlyCount "62"]
[EventDate "2013.07.24"]

1. c4 Nf6 2. g3 c5 3. Bg2 g6 4. Nc3 Bg7 5. Nf3 O-O 6. O-O d5 7. cxd5 Nxd5 8. d4
Nc6 9. Nxd5 Qxd5 10. Ne5 Qxd4 11. Nxc6 bxc6 12. Bxc6 Rb8 13. Rb1 Bf5 14. e4 Bh3
15. Re1 Qf6 16. Ba4 Qa6 17. b3 Bc3 18. Qe2 Qf6 19. Rd1 Rfd8 20. Be3 Bd4 21.
Rbc1 Bxe3 22. Qxe3 Qb2 23. Qh6 Bg4 24. Re1 Rd2 25. Qf4 Rbd8 26. Rb1 Qxa2 27.
Ra1 Qb2 28. Bc6 R8d6 29. Bd5 Rf6 30. Qxg4 Rfxf2 31. Bxf7+ Kg7 0-1

[Event "2do ITT OAV Metro de Caracas "]
[Site "Casa del Ajedrez "]
[Date "2013.07.26"]
[Round "6.4"]
[White "Zavarce, Oscar Enrique"]
[Black "Blanco Ronquillo, Humberto L"]
[Result "1/2-1/2"]
[WhiteElo "2218"]
[BlackElo "2418"]
[PlyCount "30"]
[EventDate "2013.07.24"]

1. e4 e5 2. Nf3 Nc6 3. Bc4 Be7 4. d4 d6 5. dxe5 dxe5 6. Qxd8+ Bxd8 7. Be3 Be6
8. Nbd2 Bxc4 9. Nxc4 Bf6 10. O-O-O Nge7 11. c3 Rd8 12. Kc2 O-O 13. Rxd8 Rxd8
14. Rd1 Rxd1 15. Kxd1 Ng6 1/2-1/2

[Event "2do ITT OAV Metro de Caracas "]
[Site "Casa del Ajedrez "]
[Date "2013.07.26"]
[Round "6.5"]
[White "Zambrano, Alexander"]
[Black "Teran Abreu, Lisyender"]
[Result "1/2-1/2"]
[WhiteElo "2258"]
[BlackElo "2171"]
[PlyCount "178"]
[EventDate "2013.07.24"]

1. e4 e5 2. Nf3 Nc6 3. Nc3 Nf6 4. d4 exd4 5. Nxd4 Bb4 6. Nxc6 bxc6 7. Bd3 d5 8.
exd5 cxd5 9. O-O O-O 10. Bg5 c6 11. Na4 h6 12. Bh4 Rb8 13. c4 Be7 14. b3 Be6
15. Rc1 d4 16. Bb1 Qd7 17. Qd3 g6 18. Rcd1 Rbd8 19. Nc5 Qd6 20. b4 Bf5 21. Qa3
Ng4 22. Bg3 Qf6 23. Bxf5 Qxf5 24. Qxa7 Rfe8 25. Rfe1 Bxc5 26. Qxc5 Rxe1+ 27.
Rxe1 d3 28. Qxf5 gxf5 29. h3 Nf6 30. f3 Nh5 31. Be5 f6 32. Bc3 Kf7 33. Kf2 Ra8
34. Ke3 Rxa2 35. g4 Ra3 36. Kxd3 Nf4+ 37. Kc2 fxg4 38. hxg4 h5 39. gxh5 Nxh5
40. Ra1 Rxa1 41. Bxa1 Ke6 42. Kd3 Ng7 43. Kd4 Kd6 44. Ke4 Ke6 45. Bd4 Ne8 46.
Bg1 Nd6+ 47. Kd4 Nb7 48. Bh2 Kd7 49. Bg3 Ke6 50. Bb8 c5+ 51. bxc5 Na5 52. Bd6
Nb7 53. f4 f5 54. Be5 Na5 55. Kc3 Nc6 56. Bd6 Kd7 57. Kb3 Nd4+ 58. Kc3 Nc6 59.
Be5 Ke6 60. Bc7 Kd7 61. Bb6 Kc8 62. Kd3 Kd7 63. Ke3 Ke6 64. Kf3 Nd4+ 65. Kg3
Kf6 66. Kh4 Kg6 67. Bc7 Nc6 68. Be5 Nd8 69. Kg3 Kf7 70. Kf3 Ke6 71. Ke3 Nc6 72.
Bd6 Kd7 73. Kd3 Ke6 74. Kc3 Kd7 75. Be5 Ke6 76. Bh8 Kd7 77. Kb3 Nd8 78. Kb4 Kc6
79. Bd4 Ne6 80. Be3 Nc7 81. Kc3 Ne6 82. Kd3 Kd7 83. Ke2 Nd8 84. Kf3 Ke6 85. Bd4
Nc6 86. Bc3 Nd8 87. Kg3 Kd7 88. Bd2 Kc6 89. Be3 Kd7 1/2-1/2

[Event "2do ITT OAV Metro de Caracas "]
[Site "Casa del Ajedrez "]
[Date "2013.07.27"]
[Round "7.1"]
[White "Teran Abreu, Lisyender"]
[Black "Palencia, Wilson"]
[Result "1/2-1/2"]
[WhiteElo "2171"]
[BlackElo "2309"]
[PlyCount "29"]
[EventDate "2013.07.24"]

1. e4 d5 2. exd5 Qxd5 3. Nc3 Qe5+ 4. Qe2 Qxe2+ 5. Bxe2 c6 6. Nf3 Bf5 7. d3 h6
8. Be3 Nf6 9. h3 Nbd7 10. O-O-O e6 11. Rhe1 Bb4 12. Bd2 Bc5 13. Be3 Bb4 14. Bd2
Bc5 15. Be3 1/2-1/2

[Event "2do ITT OAV Metro de Caracas "]
[Site "Casa del Ajedrez "]
[Date "2013.07.27"]
[Round "7.2"]
[White "Blanco Ronquillo, Humberto L"]
[Black "Zambrano, Alexander"]
[Result "1/2-1/2"]
[WhiteElo "2418"]
[BlackElo "2258"]
[PlyCount "34"]
[EventDate "2013.07.24"]

1. e4 Nf6 2. e5 Nd5 3. d4 d6 4. Nf3 g6 5. c4 Nb6 6. exd6 cxd6 7. h3 Bg7 8. Nc3
O-O 9. Be2 Nc6 10. O-O Bf5 11. Re1 e5 12. Bg5 Bf6 13. Bxf6 Qxf6 14. dxe5 dxe5
15. c5 Rfd8 16. Qb3 Nd4 17. Nxd4 exd4 1/2-1/2

[Event "2do ITT OAV Metro de Caracas "]
[Site "Casa del Ajedrez "]
[Date "2013.07.27"]
[Round "7.3"]
[White "Ostos, Julio"]
[Black "Zavarce, Oscar Enrique"]
[Result "1-0"]
[WhiteElo "2304"]
[BlackElo "2218"]
[PlyCount "61"]
[EventDate "2013.07.24"]

1. e4 c5 2. Nf3 e6 3. d4 cxd4 4. Nxd4 Qb6 5. a4 Nc6 6. Nb5 Bc5 7. Be3 Bxe3 8.
fxe3 Nf6 9. Nd6+ Ke7 10. Nc4 Qc7 11. Nc3 a6 12. Nd5+ exd5 13. exd5 d6 14. dxc6
bxc6 15. Qd4 Be6 16. O-O-O Rhd8 17. Be2 Rab8 18. Rhf1 Rb4 19. b3 h6 20. e4 Bxc4
21. Bxc4 c5 22. Qc3 Re8 23. Qg3 Kf8 24. Qxd6+ Qxd6 25. Rxd6 a5 26. Rc6 Rxe4 27.
Rxc5 Rb7 28. Rxa5 Re8 29. Raf5 Ree7 30. a5 Ng4 31. a6 1-0

[Event "2do ITT OAV Metro de Caracas "]
[Site "Casa del Ajedrez "]
[Date "2013.07.27"]
[Round "7.4"]
[White "Ruiz Aguilar, Pablo Alexander"]
[Black "Merritt, Mario"]
[Result "1-0"]
[WhiteElo "2307"]
[BlackElo "2080"]
[PlyCount "71"]
[EventDate "2013.07.24"]

1. e4 c5 2. Nf3 g6 3. c4 Nc6 4. d4 cxd4 5. Nxd4 Nf6 6. Nc3 Nxd4 7. Qxd4 Bg7 8.
e5 Ng8 9. Bf4 Nh6 10. Be2 O-O 11. Qd2 Nf5 12. g4 Nh4 13. Bg5 Ng2+ 14. Kf1 f6
15. exf6 exf6 16. Qd5+ Kh8 17. Bd2 Nh4 18. Ne4 Qe7 19. Nd6 Qe6 20. Re1 Qxd5 21.
cxd5 f5 22. Bg5 Bf6 23. Bh6 Bg7 24. Bxg7+ Kxg7 25. g5 b6 26. f4 h6 27. Kf2 hxg5
28. fxg5 f4 29. Bg4 Ba6 30. Re7+ Kg8 31. Rhe1 Bd3 32. Bxd7 Bf5 33. Nxf5 Nxf5
34. Be6+ Kh8 35. Bxf5 Rxf5 36. d6 1-0

[Event "2do ITT OAV Metro de Caracas "]
[Site "Casa del Ajedrez "]
[Date "2013.07.27"]
[Round "7.5"]
[White "Pazos Gambarrotti, Plinio"]
[Black "Castro, Jose Luis"]
[Result "0-1"]
[WhiteElo "2281"]
[BlackElo "2253"]
[PlyCount "66"]
[EventDate "2013.07.24"]

1. e4 c5 2. Nc3 Nc6 3. Nf3 e6 4. d4 cxd4 5. Nxd4 Nf6 6. Ndb5 d6 7. Bf4 e5 8.
Bg5 a6 9. Na3 b5 10. Nd5 Be7 11. Bxf6 Bxf6 12. c4 Bg5 13. Nc2 Be6 14. Be2 bxc4
15. Bxc4 Qa5+ 16. Kf1 O-O 17. h4 Qc5 18. Qe2 Bh6 19. b4 Qa7 20. g3 Kh8 21. Kg2
f5 22. Nde3 f4 23. f3 Bd7 24. g4 fxe3 25. g5 Nd4 26. Nxd4 exd4 27. Rad1 Ba4 28.
Bb3 Bxb3 29. axb3 d5 30. exd5 Rad8 31. Qc4 Qf7 32. Rhf1 Bxg5 33. hxg5 Qxd5 0-1

[Event "2do ITT OAV Metro de Caracas "]
[Site "Casa del Ajedrez "]
[Date "2013.07.27"]
[Round "8.1"]
[White "Palencia, Wilson"]
[Black "Castro, Jose Luis"]
[Result "1-0"]
[WhiteElo "2309"]
[BlackElo "2253"]
[PlyCount "113"]
[EventDate "2013.07.24"]

1. e4 c5 2. Nf3 Nc6 3. d4 cxd4 4. Nxd4 Nf6 5. Nc3 e5 6. Ndb5 d6 7. Bg5 a6 8.
Na3 b5 9. Nd5 Be7 10. Bxf6 Bxf6 11. c4 b4 12. Nc2 O-O 13. Be2 Bg5 14. O-O a5
15. Qd3 Be6 16. h3 Bxd5 17. exd5 Nb8 18. c5 dxc5 19. d6 c4 20. Qd5 Nd7 21. Rad1
Rc8 22. Ne3 c3 23. bxc3 bxc3 24. Bd3 Rc5 25. Qb7 Bxe3 26. fxe3 c2 27. Rc1 Nf6
28. Bxc2 Qxd6 29. Rfd1 Rd5 30. Rxd5 Qxd5 31. Qxd5 Nxd5 32. Bb3 Nb6 33. Rc6 a4
34. Rxb6 axb3 35. axb3 f5 36. Rb5 Re8 37. Rb7 Rc8 38. b4 h6 39. b5 Rc3 40. Kf2
Rb3 41. g4 f4 42. exf4 exf4 43. h4 g5 44. h5 f3 45. Kg3 Kh8 46. Rb6 Kg7 47.
Rg6+ Kh7 48. b6 Rc3 49. Rd6 Kg7 50. Rd7+ Kf6 51. Rh7 Ke5 52. Rxh6 f2+ 53. Kxf2
Rb3 54. Rg6 Kf4 55. h6 Rb2+ 56. Ke1 Kxg4 57. h7 1-0

[Event "2do ITT OAV Metro de Caracas "]
[Site "Casa del Ajedrez "]
[Date "2013.07.27"]
[Round "8.2"]
[White "Merritt, Mario"]
[Black "Pazos Gambarrotti, Plinio"]
[Result "0-1"]
[WhiteElo "2080"]
[BlackElo "2281"]
[PlyCount "54"]
[EventDate "2013.07.24"]

1. c4 e6 2. Nf3 Nf6 3. g3 d5 4. d4 Be7 5. Bg2 O-O 6. O-O dxc4 7. Qc2 a6 8. Qxc4
b5 9. Qc2 Bb7 10. Bd2 Nbd7 11. Ba5 Rc8 12. Nbd2 Qe8 13. b4 Bd6 14. Rac1 Qe7 15.
a3 e5 16. Nxe5 Bxg2 17. Kxg2 Nxe5 18. dxe5 Qxe5 19. Nf3 Qh5 20. Rfd1 h6 21. Qc6
Rce8 22. e3 Re6 23. Qb7 Rfe8 24. Rc6 Ne4 25. h3 Nxf2 26. Kxf2 Rxe3 27. Rc2 Qg6
0-1

[Event "2do ITT OAV Metro de Caracas "]
[Site "Casa del Ajedrez "]
[Date "2013.07.27"]
[Round "8.3"]
[White "Zavarce, Oscar Enrique"]
[Black "Ruiz Aguilar, Pablo Alexander"]
[Result "0-1"]
[WhiteElo "2218"]
[BlackElo "2307"]
[PlyCount "74"]
[EventDate "2013.07.24"]

1. e4 c5 2. Nf3 e6 3. c4 b6 4. Nc3 Nc6 5. d4 cxd4 6. Nxd4 Bb7 7. Ndb5 Qb8 8.
Be3 a6 9. Nd4 Nf6 10. f3 Bd6 11. g3 O-O 12. Qd2 Be5 13. Bg2 Na5 14. b3 d5 15.
f4 Bxd4 16. Bxd4 Nxe4 17. Nxe4 dxe4 18. O-O Rd8 19. Qc3 Qd6 20. Bxg7 Qc5+ 21.
Rf2 Rd3 22. Qf6 Rd2 23. Raf1 e3 24. Re2 Rxe2 25. Bxb7 Qh5 26. Bg2 Rc8 27. f5
exf5 28. Bh6 Qg6 29. Qxg6+ hxg6 30. Bf3 Rxa2 31. Bxe3 Nxb3 32. Bd5 Nc5 33. g4
Re8 34. Bf2 f4 35. h4 Nd3 36. c5 Ra5 37. Bc6 Rc8 0-1

[Event "2do ITT OAV Metro de Caracas "]
[Site "Casa del Ajedrez "]
[Date "2013.07.27"]
[Round "8.4"]
[White "Zambrano, Alexander"]
[Black "Ostos, Julio"]
[Result "1/2-1/2"]
[WhiteElo "2258"]
[BlackElo "2304"]
[PlyCount "20"]
[EventDate "2013.07.24"]

1. e4 e6 2. d4 d5 3. e5 c5 4. c3 Nc6 5. Nf3 Bd7 6. Be2 Nge7 7. Na3 cxd4 8. cxd4
Qa5+ 9. Bd2 Qb6 10. Bc3 f6 1/2-1/2

[Event "2do ITT OAV Metro de Caracas "]
[Site "Casa del Ajedrez "]
[Date "2013.07.27"]
[Round "8.5"]
[White "Teran Abreu, Lisyender"]
[Black "Blanco Ronquillo, Humberto L"]
[Result "0-1"]
[WhiteElo "2171"]
[BlackElo "2418"]
[PlyCount "82"]
[EventDate "2013.07.24"]

1. e4 e5 2. Bc4 Nf6 3. d3 Nc6 4. Nf3 Be7 5. c3 O-O 6. Bb3 d5 7. Nbd2 h6 8. O-O
Be6 9. Bc2 Re8 10. Re1 Bf8 11. Qe2 a6 12. Nf1 d4 13. h3 Nh7 14. Ng3 g6 15. cxd4
Nxd4 16. Nxd4 Qxd4 17. Bb1 Rad8 18. Be3 Qb4 19. a3 Qa4 20. Rc1 Rd7 21. b4 a5
22. bxa5 Qxa5 23. a4 b5 24. Qb2 bxa4 25. Bd2 a3 26. Qc2 Qb5 27. Bc3 Bb3 28. Qd2
Ng5 29. f4 exf4 30. Qxf4 Ne6 31. Qg4 h5 32. Qf3 Nd4 33. Qf2 Qb6 34. Bxd4 Rxd4
35. Ne2 Ra4 36. d4 a2 37. Bd3 Ba3 38. Rf1 Rxd4 39. Bc2 Bc5 40. Bxb3 Rd7 41.
Bxa2 Rxe4 0-1

[Event "2do ITT OAV Metro de Caracas "]
[Site "Casa del Ajedrez "]
[Date "2013.07.28"]
[Round "9.1"]
[White "Blanco Ronquillo, Humberto L"]
[Black "Palencia, Wilson"]
[Result "1-0"]
[WhiteElo "2418"]
[BlackElo "2309"]
[PlyCount "59"]
[EventDate "2013.07.24"]

1. d4 g6 2. e4 c5 3. d5 Bg7 4. Nf3 d6 5. h3 Nf6 6. Nc3 O-O 7. Be2 Na6 8. O-O
Nc7 9. a4 Nfe8 10. Bc4 a6 11. Re1 Bd7 12. Qd3 b6 13. Bf4 Rb8 14. Bxa6 Nxa6 15.
Qxa6 Bxc3 16. bxc3 Ra8 17. Qc4 Rxa4 18. Rxa4 b5 19. Qa2 bxa4 20. e5 Qc7 21. c4
Ng7 22. Qa1 Be8 23. exd6 exd6 24. Qf6 Bd7 25. Bxd6 Qb6 26. Qe7 Rd8 27. Ne5 Qa5
28. Qxf7+ Kh8 29. Nd3 Bf5 30. Re7 1-0

[Event "2do ITT OAV Metro de Caracas "]
[Site "Casa del Ajedrez "]
[Date "2013.07.28"]
[Round "9.2"]
[White "Ostos, Julio"]
[Black "Teran Abreu, Lisyender"]
[Result "1/2-1/2"]
[WhiteElo "2304"]
[BlackElo "2171"]
[PlyCount "21"]
[EventDate "2013.07.24"]

1. e4 e5 2. Nf3 Nc6 3. Nc3 Nf6 4. d4 exd4 5. Nxd4 Bb4 6. Nxc6 bxc6 7. Bd3 d5 8.
exd5 cxd5 9. O-O O-O 10. Qf3 c5 11. Bg5 1/2-1/2

[Event "2do ITT OAV Metro de Caracas "]
[Site "Casa del Ajedrez "]
[Date "2013.07.28"]
[Round "9.4"]
[White "Pazos Gambarrotti, Plinio"]
[Black "Zavarce, Oscar Enrique"]
[Result "1-0"]
[WhiteElo "2281"]
[BlackElo "2218"]
[PlyCount "113"]
[EventDate "2013.07.24"]

1. d4 Nf6 2. Nf3 e6 3. c4 b6 4. a3 c5 5. e3 Bb7 6. Nc3 cxd4 7. exd4 d6 8. Bd3
Nbd7 9. O-O Be7 10. Re1 O-O 11. h3 Re8 12. Bf4 a6 13. Rc1 Bf8 14. Bh2 Rc8 15.
Ng5 Qc7 16. Qc2 g6 17. Nge4 Nxe4 18. Nxe4 e5 19. dxe5 dxe5 20. Nc3 Bg7 21. Rcd1
f5 22. Bf1 Bc6 23. b4 Kh8 24. Qb3 Rcd8 25. Nd5 Qa7 26. h4 h5 27. Re2 Nf8 28.
Red2 Ne6 29. Qb2 Nd4 30. Nc3 Qe7 31. Ne2 Qxh4 32. Nxd4 exd4 33. Bc7 Rd7 34. Bg3
Qg4 35. b5 axb5 36. cxb5 Bd5 37. Qb4 Bb7 38. Bd6 Qg5 39. Rxd4 Bxd4 40. Qxd4+
Kh7 41. Qxb6 Qf6 42. Bc7 Qf7 43. Rxd7 Qxd7 44. Qxb7 Re1 45. g3 f4 46. Qc6 Qd3
47. Qg2 f3 48. Qh3 Qxb5 49. Bf4 Kg7 50. Bd2 Rd1 51. a4 Qxa4 52. Bc3+ Kh7 53.
Qe6 Qd7 54. Qe5 g5 55. Qe4+ Kg8 56. Qg6+ Kf8 57. Bb4+ 1-0

[Event "2do ITT OAV Metro de Caracas "]
[Site "Casa del Ajedrez "]
[Date "2013.07.28"]
[Round "9.5"]
[White "Castro, Jose Luis"]
[Black "Merritt, Mario"]
[Result "1-0"]
[WhiteElo "2253"]
[BlackElo "2080"]
[PlyCount "55"]
[EventDate "2013.07.24"]

1. e4 c5 2. Nf3 g6 3. d4 cxd4 4. Nxd4 Nc6 5. c4 Nf6 6. Nc3 d6 7. Be2 Nxd4 8.
Qxd4 Bg7 9. Be3 O-O 10. Qd2 a5 11. Rd1 Be6 12. O-O a4 13. f4 Qa5 14. Bd4 Qb4
15. a3 Qa5 16. Qe3 Ng4 17. Bxg4 Bxd4 18. Rxd4 Bxg4 19. f5 Qc5 20. h3 gxf5 21.
hxg4 f4 22. Qf2 e5 23. Rd5 Qc6 24. Rfd1 Kh8 25. Rxd6 Qxc4 26. Qh4 Qc5+ 27. Kh1
f6 28. Rd7 1-0

[Event "2do ITT OAV Metro de Caracas "]
[Site "Casa del Ajedrez "]
[Date "2013.07.26"]
[Round "5.1"]
[White "Zambrano, Alexander"]
[Black "Palencia, Wilson"]
[Result "0-1"]
[WhiteElo "2258"]
[BlackElo "2309"]
[PlyCount "47"]
[EventDate "2013.07.24"]

1. e4 d5 2. exd5 Qxd5 3. Nc3 Qe5+ 4. Be2 c6 5. Nf3 Qc7 6. d4 Nd7 7. O-O Ngf6 8.
Bc4 e6 9. Re1 Bd6 10. d5 Nb6 11. Bb5 cxb5 12. Nxb5 Qd8 13. dxe6 Bb8 14. exf7+
Kxf7 15. Ng5+ Kg6 16. Nd4 Qd5 17. c4 Qxc4 18. Be3 Qd5 19. Rc1 Bf5 20. Nxf5 Qxf5
21. Rc5 Nbd5 22. g4 Qxg4+ 23. Qxg4 Nxg4 24. Rxd5 0-1